| 000 | 00664 a2200277 4500 | ||
|---|---|---|---|
| 240 | _aLe jeu de la vérité | ||
| 260 | _aParis | ||
| 630 | _a657 - Comptabilité | ||
| 037 | _b2, Achat | ||
| 650 | _a6 - SCIENCES APPLIQUEES | ||
| 100 | _aLochard, Jean | ||
| 260 | _bLes Editions d'Organisation | ||
| 260 | _bEditions Pierre Dubois S.A. | ||
| 245 | _aLe contrôle budgétaire | ||
| 300 | _a160 p. | ||
| 650 | _aBudget : contrôle | ||
| 260 | _c1986 | ||
| 300 | _b27cm | ||
| 100 | _lFr | ||
| 440 | _aCollection IFG Systèmes Pédagogiques | ||
| 037 | _aDe 6878 | ||
| 037 | _aDe 6877 | ||
| 020 | _a2-903380-16-3 | ||
| 999 |
_c42100 _d42100 |
||